000
00302nam a2200121Ia 4500
008
190216s9999||||xx |||||||||||||| ||und||
100
_a
Patterson Lois
245
0
_a
Microsoft Excel 97 In 24 Hours Teach Yourself
260
_b
Tech Media Pub
300
_a
430
650
_a
Computer Science
942
_c
BK
999
_c
8657
_d
8657